| 000 | 01406nam a22002897a 4500 | ||
|---|---|---|---|
| 001 | 7974 | ||
| 003 | FISKH | ||
| 005 | 20250815134400.0 | ||
| 008 | 250815b cb ||||| |||| 00| 0 eng d | ||
| 020 | _a9789386106582 | ||
| 040 |
_aFISKH _beng _cFISKH _dFISKH |
||
| 050 | _aPN1995.H364 B357 | ||
| 082 | _a791.43 | ||
| 100 | _aBaker, Felicity | ||
| 245 |
_aRon Weasley : _bCinematic Guide / _cBy Felicity Baker |
||
| 260 |
_aNew York : _bScholastic , _c2016. |
||
| 300 |
_a64 pages : _bcolor illustrations ; _c23 cm . |
||
| 490 |
_aHarry Potter Cinematic Guide _v3 |
||
| 505 | _aK | ||
| 520 | _aThe Essential Film Companion for RON WEASLEY that's perfect for the youngest fans! Relive the magical moments when Ron Weasley proved just as courageous and loyal as his famous best friend, Harry Potter; whether he was facing the Slytherin Quidditch team or a forest of scary giant spiders! This collection of photographs and quotes from all eight HARRY POTTER films takes a closer look at Ron's life, including his time at Hogwarts, family and friends, and dangerous battles against the Dark Lord, Voldemort.The experience of this eBook will be best if viewed on a tablet. | ||
| 521 | 8 |
_a510
_bLexile estimate |
|
| 521 | 8 |
_aK
_bRaz-Plus |
|
| 650 |
_aHarry Potter Series _vChildren's literature |
||
| 700 |
_aDeMonico, Rick _eArt Director |
||
| 942 |
_2ddc _cBK _n0 |
||
| 999 |
_c7974 _d7974 |
||